000 00466nam a2200181Ia 4500
001 3919
005 20260306145718.0
008 260306t2021||||xx |||||||||||||| ||spa||
041 _aESP
082 _a305.42
_bS747
100 _aShrier, Abigail
_eAUT
245 0 _aUn daño irreversible:
_bla locura transgénero que seduce a nuestras hijas
260 _c2021
300 _a302 páginas :
_c23 cm.
650 _aGEN
654 _aCHU
942 _cLIB
_dJUS
_fJUS
_2ddc
_n
999 _c3919
_d3919